00449 2200193 4500001002100000005001500021008004100036020002200077035001900099041000700118082000800125090001400133100002600147245001600173260002700189300002000216500000600236650001300242INLIS00000000000287520241224112622241224||||||||| | ||| |||| || |  a978-979-1701-04-4 0010-1224002875 aen0 a920 a920 IGU p0 aI Gusti Ngurah Pindha00aPerang Bali aJakartabDolphinc2013 a456 hlm.; 21 cm a1 0aBiografi